000 00564nam a2200205Ia 4500
003 OSt
005 20221007112426.0
006 a|||||r|||| 00| 0
007 ta
008 221006b |||||||| |||| 00| 0 eng d
024 _a27,471
037 _cBound Volume
040 _aLCO
_cLCO
_beng
041 _2eng
_aeng
245 0 _aALL INDIA REPORTER MANIPUR, MYSORE, NAGPUR, ORISSA
260 _aNagpur
_bAll India reporter ltd. India
_c1952
490 _v7052, 331765 43 -1956
942 _cCR
999 _c1197034
_d1197034